| 000 | 01057nam a22002537a 4500 | ||
|---|---|---|---|
| 999 |
_c153280 _d153280 |
||
| 005 | 20181110151635.0 | ||
| 010 | _aB-696143 B-712814 | ||
| 020 |
_a9789332587359 _c239.00 |
||
| 035 | _aB-696143 | ||
| 035 | _aB-712814 | ||
| 037 | _bPearson | ||
| 037 | _bRK Books | ||
| 082 | _a352.399 | ||
| 100 | _aKarthikeyan, M. | ||
| 245 |
_aInternal security: _cM. Karthikeyan _bfor civil services main examination GS paperIII |
||
| 250 | _a2nd ed. | ||
| 260 |
_aNoida _bPearson _c2017 |
||
| 270 |
_a15th Floor, Tower-B, World Trade Tower, Plot No.1, Block-C, Sector 16 _bNoida _e201301 |
||
| 300 |
_avarious pagings _c23cm(pbk) |
||
| 500 | _aIt include annexure A1.1 to A10.1p. It include index | ||
| 942 |
_2ddc _cEN _h352.399 _mKAR |
||